| 000 | 00419cam a2200181ua 4500 | ||
|---|---|---|---|
| 020 | _c3.00 | ||
| 041 |
_aeng _h |
||
| 082 |
_a428 _bHOR/RE |
||
| 100 | _aHornby, A S . | ||
| 245 |
_aRevise your English / _cA S Hornby. _hTextual Documents |
||
| 250 |
_a1 / _b. |
||
| 260 |
_aLondon : _bOrient-Longman Ltd , _c1958. |
||
| 300 | _a93 ; . | ||
| 365 | _a3.00 | ||
| 504 | _a | ||
| 942 | _cBK | ||
| 999 |
_c5694 _d5694 |
||